<?xml version="1.0" encoding="UTF-8"?><?xml-stylesheet type="text/xsl" href="static/style.xsl"?><OAI-PMH xmlns="http://www.openarchives.org/OAI/2.0/" xmlns:xsi="http://www.w3.org/2001/XMLSchema-instance" xsi:schemaLocation="http://www.openarchives.org/OAI/2.0/ http://www.openarchives.org/OAI/2.0/OAI-PMH.xsd"><responseDate>2026-07-04T05:09:38Z</responseDate><request verb="GetRecord" identifier="oai:docta.ucm.es:20.500.14352/138004" metadataPrefix="marc">https://docta.ucm.es/rest/oai/request</request><GetRecord><record><header><identifier>oai:docta.ucm.es:20.500.14352/138004</identifier><datestamp>2026-07-02T23:52:13Z</datestamp><setSpec>com_20.500.14352_14</setSpec><setSpec>col_20.500.14352_22</setSpec></header><metadata><record xmlns="http://www.loc.gov/MARC21/slim" xmlns:dcterms="http://purl.org/dc/terms/" xmlns:xsi="http://www.w3.org/2001/XMLSchema-instance" xmlns:doc="http://www.lyncode.com/xoai" xsi:schemaLocation="http://www.loc.gov/MARC21/slim http://www.loc.gov/standards/marcxml/schema/MARC21slim.xsd">
   <leader>00925njm 22002777a 4500</leader>
   <datafield ind2=" " ind1=" " tag="042">
      <subfield code="a">dc</subfield>
   </datafield>
   <datafield ind2=" " ind1=" " tag="720">
      <subfield code="a">Gómez Lázaro, Laura</subfield>
      <subfield code="e">author</subfield>
   </datafield>
   <datafield ind2=" " ind1=" " tag="260">
      <subfield code="c">2026-07-02</subfield>
   </datafield>
   <datafield ind2=" " ind1=" " tag="520">
      <subfield code="a">Glioblastoma multiforme (GBM) is the most prevalent and aggressive malignant brain tumour in adults, characterized by rapid proliferation, high infiltration into brain tissue and pronounced cellular heterogeneity. The current standard of care involves maximal safe surgical resection followed by radiotherapy in combination with the alkylating agent temozolomide. Despite this multimodal approach, median survival does not exceed 14.6 months, and tumour recurrence is almost inevitable. The failure of current therapies is mainly due to intrinsic tumour cell resistance, the lack of drug selectivity and the presence of the blood–brain barrier (BBB), which significantly limits drug access to the central nervous system. This scenario highlights the urgent need for alternative and more effective therapeutic approaches...</subfield>
   </datafield>
   <datafield ind2=" " ind1=" " tag="520">
      <subfield code="a">El glioblastoma multiforme (GBM) representa el tumor cerebral maligno más prevalente y agresivo en adultos, caracterizado por su rápida proliferación, alta infiltración en el tejido cerebral adyacente y marcada heterogeneidad celular. El tratamiento estándar actual consiste en la máxima resección quirúrgica posible del tumor seguida de radioterapia en combinación con el agente quimioterápico alquilante temozolomida. A pesar de este enfoque multimodal, la supervivencia media de los pacientes no supera los 14,6 meses, y la recurrencia tumoral es prácticamente inevitable. El fracaso de las terapias actuales se debe principalmente a la resistencia intrínseca de las células tumorales, a la falta de selectividad de los fármacos y a la presencia de la barrera hematoencefálica (BHE), que limita el acceso de los fármacos al sistema nervioso central. Esta situación resalta la urgente necesidad de buscar nuevas alternativas terapéuticas que sean más efectivas...</subfield>
   </datafield>
   <datafield ind1="8" ind2=" " tag="024">
      <subfield code="a">https://hdl.handle.net/20.500.14352/138004</subfield>
   </datafield>
   <datafield ind2="0" ind1="0" tag="245">
      <subfield code="a">Lipid nanocarriers for the treatment of brain tumors</subfield>
   </datafield>
   <datafield ind2="0" ind1="0" tag="245">
      <subfield code="a">Nanotransportadores lipídicos para el tratamiento de tumores cerebrales</subfield>
   </datafield>
</record></metadata></record></GetRecord></OAI-PMH>